<?xml version="1.0" encoding="UTF-8"?>
<record
    xmlns:xsi="http://www.w3.org/2001/XMLSchema-instance"
    xsi:schemaLocation="http://www.loc.gov/MARC21/slim http://www.loc.gov/standards/marcxml/schema/MARC21slim.xsd"
    xmlns="http://www.loc.gov/MARC21/slim">

  <leader>02538nam a22002657a 4500</leader>
  <controlfield tag="005">20220111145655.0</controlfield>
  <controlfield tag="008">220111b           ||||| |||| 00| 0 eng d</controlfield>
  <datafield tag="020" ind1=" " ind2=" ">
    <subfield code="a">9781250863706</subfield>
  </datafield>
  <datafield tag="040" ind1=" " ind2=" ">
    <subfield code="c">AL</subfield>
  </datafield>
  <datafield tag="041" ind1=" " ind2=" ">
    <subfield code="a">eng</subfield>
  </datafield>
  <datafield tag="082" ind1=" " ind2=" ">
    <subfield code="2">23</subfield>
    <subfield code="a">170.44</subfield>
    <subfield code="b">ONEB</subfield>
  </datafield>
  <datafield tag="100" ind1=" " ind2=" ">
    <subfield code="a">Scott M O'Neil and others</subfield>
    <subfield code="9">12974</subfield>
  </datafield>
  <datafield tag="245" ind1=" " ind2=" ">
    <subfield code="a">Be Where Your Feet are: Seven Principles to Keep you Present, Grounded, and Thriving</subfield>
  </datafield>
  <datafield tag="260" ind1=" " ind2=" ">
    <subfield code="a">New York</subfield>
    <subfield code="b">St martins Essentials</subfield>
    <subfield code="c">2021</subfield>
  </datafield>
  <datafield tag="300" ind1=" " ind2=" ">
    <subfield code="a">vi,254 p.</subfield>
    <subfield code="b">PB</subfield>
    <subfield code="c">20x13 cm.</subfield>
  </datafield>
  <datafield tag="365" ind1=" " ind2=" ">
    <subfield code="2">General</subfield>
    <subfield code="a">4529</subfield>
    <subfield code="b">351.00</subfield>
    <subfield code="c">&#x20B9;</subfield>
    <subfield code="d">450.00</subfield>
    <subfield code="e">22%</subfield>
    <subfield code="f">22-12-2021</subfield>
  </datafield>
  <datafield tag="520" ind1=" " ind2=" ">
    <subfield code="a">Scott O'Neil, one of America's most successful sports executives, shares seven principles to keep you present, grounded, and thriving.
When we&#x2019;re moving at 115 MPH, we rarely see the wall coming. But it comes for all of us and when it does, we grasp for lessons, for meaning, for purpose. Each moment (good or bad) and each win or loss, provides us an opportunity to learn, and if we choose to take it, that opportunity can change our lives-and the world- for the better. The human spirit craves connection. Authenticity. Belonging. Touch. Gratitude. Purpose. We need to make our interactions count. Whether it&#x2019;s the death of a friend, loss of a job, a bad break-up or the isolation of COVID-19, those who manage to be where their feet are will grow, stretch and emerge stronger, smarter and more prepared as we find peace and gratitude in the pause.
In Be Where Your Feet Are, Scott O&#x2019;Neil, CEO of the Philadelphia 76ers and New Jersey Devils, offers his own story of grief and healing, and shares his most valuable lessons in what keeps him present, grounded and thriving as a father, husband, coach, mentor, and leader. Scott avails his network to share poignant life lessons from an array of people including professional athletes and sports executives, a world-famous Movie Director, Saudi royalty; and his teenage daughters, among many others.
Be Where Your Feet Are provides a humbling and vulnerable peek behind the curtain as well as a framework, anecdotes, and exercises to guide the reader towards self-discovery. A gifted storyteller with an uncanny ability and willingness to bare raw emotion, Scott weaves in and out of stories that have left deep imprints on him and are written to lift and inspire.</subfield>
  </datafield>
  <datafield tag="650" ind1=" " ind2=" ">
    <subfield code="a">Conduct of Life</subfield>
    <subfield code="9">12932</subfield>
  </datafield>
  <datafield tag="650" ind1=" " ind2=" ">
    <subfield code="a">Values</subfield>
    <subfield code="9">12933</subfield>
  </datafield>
  <datafield tag="650" ind1=" " ind2=" ">
    <subfield code="a">Success</subfield>
    <subfield code="9">12934</subfield>
  </datafield>
  <datafield tag="700" ind1=" " ind2=" ">
    <subfield code="a">ONEIL (Scott M)</subfield>
    <subfield code="9">12935</subfield>
  </datafield>
  <datafield tag="700" ind1=" " ind2=" ">
    <subfield code="a">WRIGHT (Randal A)</subfield>
    <subfield code="9">12938</subfield>
  </datafield>
  <datafield tag="700" ind1=" " ind2=" ">
    <subfield code="a">BENDER (Michele)</subfield>
    <subfield code="9">12936</subfield>
  </datafield>
  <datafield tag="942" ind1=" " ind2=" ">
    <subfield code="2">ddc</subfield>
    <subfield code="c">BK</subfield>
  </datafield>
  <datafield tag="999" ind1=" " ind2=" ">
    <subfield code="c">221156</subfield>
    <subfield code="d">221156</subfield>
  </datafield>
  <datafield tag="952" ind1=" " ind2=" ">
    <subfield code="0">0</subfield>
    <subfield code="1">0</subfield>
    <subfield code="2">ddc</subfield>
    <subfield code="4">0</subfield>
    <subfield code="7">0</subfield>
    <subfield code="8">GEN</subfield>
    <subfield code="a">AL</subfield>
    <subfield code="b">AL</subfield>
    <subfield code="d">2021-12-30</subfield>
    <subfield code="e">Biblios Book Point, Suarthkal, Mangalore-575016</subfield>
    <subfield code="g">351.00</subfield>
    <subfield code="l">0</subfield>
    <subfield code="o">170.44 ONEB</subfield>
    <subfield code="p">075232</subfield>
    <subfield code="r">2022-01-11 00:00:00</subfield>
    <subfield code="v">450.00</subfield>
    <subfield code="w">2022-01-11</subfield>
    <subfield code="y">BK</subfield>
  </datafield>
</record>
